Metodická příručka pro učitele občanské výchovy v odborných učilištích a učňovských školách 2. a 3. ročník /

Další autoři: Brunclík, Zdeněk, 1926-2012
Jazyk: Čeština
Vydáno: Praha : Státní pedagogické nakladatelství, 1963
Vydání: 1. vyd.
Edice: Pomocné knihy pro učitele
Fyzický popis: 133 s. ; 8°
Knihy
Uloženo v:
LEADER 01095nam a22002772a 4500
001 000304950
003 CZ BrMZK
005 20140422083438.0
007 ta
008 010907s1963 xr f cze d
015 |a cnb000524160 
035 |a (OCoLC)42099272 
040 |a ABA001  |b cze  |c PNA001  |d ABA001  |d BOA001 
080 9 |a 37-3:371.035.4(075.3) 
245 0 0 |a Metodická příručka pro učitele občanské výchovy v odborných učilištích a učňovských školách 2. a 3. ročník /  |c zpracoval Zdeněk Brunclík ... [et al.] 
250 |a 1. vyd. 
260 |a Praha :  |b Státní pedagogické nakladatelství,  |c 1963 
300 |a 133 s. ;  |c 8° 
490 1 |a Pomocné knihy pro učitele 
500 |a 3000 výt. 
700 1 |a Brunclík, Zdeněk,  |d 1926-2012  |7 jo2006333707  |4 aut 
830 0 |a Pomocné knihy pro učitele  |0 s 
910 |a BOA001  |b 2-0496.695  |b PK-0037.137 
990 |a BK 
996 6 |b 2619052282  |c 2-0496.695  |l MZK  |r Sklad / do 24 hodin  |n 0  |w 000304950  |u 000020  |a 1  |e BOA001  |j MZK50  |s P 
996 7 |b 3119923728  |c PK-0037.137  |l MZK  |r Sklad / do 1 hodiny  |n 0  |w 000304950  |u 000010  |a 1  |e BOA001  |j MZK50  |s A